000
00277nam a22001217a 4500
008
180927b xxu||||| |||| 00| 0 eng d
041
_a
eng
080
_a
511
100
_a
8
101
_a
ANA
245
_a
Atlas Of Descriptive Human Anatomy
_c
Sobota ,U
942
_2
udc
_c
BK
999
_c
48604
_d
48604